| 000 | 00807nam a22002777a 4500 | ||
|---|---|---|---|
| 001 | 7122 | ||
| 003 | FISKH | ||
| 005 | 20250624135020.0 | ||
| 008 | 250624b cb ||||| |||| 00| 0 eng d | ||
| 020 | _a033345037X | ||
| 040 |
_aFISKH _beng _cFISKH _dFISKH |
||
| 082 | _a944 | ||
| 100 | _aHoughton, Graham | ||
| 245 |
_aAustralia / _cBy Graham Houghton & Julia Wakefield |
||
| 250 | _aFirst published 1987 | ||
| 260 |
_aSouth Melbourne : _bThe Macmillan Company , _c1987. |
||
| 300 |
_a30 pages : _bcolor illustrations , maps ; _c25 cm . |
||
| 490 | _aThe Indo-Pacific Library | ||
| 505 | _aR | ||
| 521 | 8 |
_a700
_bLexile estimate |
|
| 521 | 8 |
_aR
_bRaz-Plus |
|
| 650 |
_aAustralia _vNon-fiction |
||
| 700 |
_aWakefield, Julia _eIllustrator |
||
| 942 |
_2ddc _cBK _n0 |
||
| 999 |
_c7122 _d7122 |
||